000 00642nam a2200205Ii 4500
003 JO-AjNU
008 230606s9999||||xx |||||||||||||| ||und||
020 _a81-89253-62-x
040 _aJO-AjNU
_beng
_erda
_cJO-AjNU
041 _aeng
050 1 4 _aQA76.9.2007
100 3 _aMainar,Sushma Rani,
_eauthor
_9190
245 0 0 _aData Structures And Algorithms Through C Language
264 3 1 _aParagon International Publishers:newdelhi,2007
300 _a866p
336 _atext
_btxt
_2rdacontent
337 _aunmediated
_bn
_2rdamedia
338 _avolume
_bnc
_2rdacarrier
650 4 _aData Structures And Algorithms Through C Language
_9191
999 _aE100
_c100
_d100